000 00344nam a2200145Ia 4500
005 20251222152700.0
008 251222s9999||||xx |||||||||||||| ||spa||
020 _a8423927504
082 _a868.6/T32
100 _aTeixidor, Emilio
245 0 _aMarcabrĂș y la Hoguera de Hielo
250 _a1ra.ed.
264 _bEspasa-Calpe
942 _cLIB
999 _c28778
_d28778